000 00555nam a2200193 i 4500
001 147042
003 ES-MaACL
005 20230906201759.0
007 t|
008 070920s1961 sp ||||1| spa d
080 _a621.314.7
100 1 _aDarkness, R. J.
_942731
245 1 0 _a1463 circuitos a transistores con cableados prácticos /
_cR.J. de Darkness [seud.].
250 _a1ª ed.
260 _aBarcelona :
_bBruguera,
_c1961.
300 _a175 p. :
_bil. ;
_c24 cm.
650 1 4 _aTransistores.
_917626
852 _aES-MaACL
_jC-21260
_bR.49557
999 _c147042
_d147042